000
00301nam a22001217a 4500
008
260424b |||||||| |||| 00| 0 eng d
082
_a
001341
100
_a
Jha Ratinath
245
_a
Kadambari Shree Banabhatta Praneeta
260
_a
Delhi
_b
Motilal Banarasidass
_c
2017
300
_a
179p
942
_2
ddc
999
_c
1326
_d
1326